[Event "Copenhagen Chess Challenge 2019"]
[Site "Ballerup"]
[Date "2019.05.16"]
[Round "3.11"]
[White "Jacob Jonsson"]
[Black "Vasli, Aref"]
[Result "0-1"]
[WhiteElo "1970"]
[BlackElo "2346"]
[Annotator "TA"]
[PlyCount "74"]
[EventDate "2019.05.16"]
[EventCountry "DEN"]
[SourceTitle "playchess.com"]
[Source "ChessBase"]
[SourceQuality "1"]

{[%evp 23,74,41,41,36,41,13,102,48,54,16,31,32,32,18,6,0,-6,-8,0,-101,-99,-94,-103,-97,-83,-141,-142,-140,-126,-114,-132,-116,-98,-119,-105,-273,-264,-265,-250,-258,-261,-382,-361,-327,-305,-505,-504,-468,-458,-458,-444,-867,-841]} 1. d4 Nf6 2. c4 e6 3. Nf3 c5 4. d5 exd5 5. cxd5 d6 6. Nc3 g6 7. Nd2 Bg7 8. e4 O-O 9. Be2 Re8 10. O-O Nbd7 11. a4 a6 12. Ra3 Rb8 13. a5 {A77: Modern Benoni: Classical: 9...Re8 10 Nd2: 10...a6 and 10...Nbd7} Ne5 14. Qc2 h6 (14... Bd7 $11 {remains equal.}) (14... Qe7 15. h3 g5 16. Na4 g4 17. hxg4 Bxg4 18. Re1 Ng6 19. Nb6 h5 {1-0 (41) Rodshtein,M (2668)-Rechlis,G (2526) Israel 2019}) 15. Nd1 $146 (15. f4 $16 Neg4 16. Nf3) ({Predecessor:} 15. f4 Neg4 16. Nc4 Nh5 17. g3 Bd4+ 18. Kg2 Ngf6 19. Bxh5 Nxh5 20. Rb3 b5 21. axb6 {0-1 (43) Miedema,D (2307)-Van Apeldoorn,J (2188) Hoogeveen 2008}) 15... Qe7 16. Ne3 Nfg4 17. Bxg4 Nxg4 18. Nxg4 Bxg4 19. f3 Bd7 20. Nc4 {With the idea Bf4.} Bb5 $36 {[%mdl 2048] Black has good play.} 21. Bf4 {[#]} (21. b3 $11) 21... Qf6 $1 $17 {[%cal Rf6f4]} 22. Be3 Bxc4 $1 23. Qxc4 Qxb2 24. Qb3 (24. Qa4 $142) 24... b5 {And now ...Qxb3 would win.} 25. axb6 Rxb6 26. Qxb2 Bxb2 ({Reject} 26... Rxb2 $6 27. Rxa6 Be5 28. g3 $11) 27. Ra2 Bg7 28. Bd2 Reb8 {[#] Strongly threatening ...Bd4+.} 29. g3 $2 (29. Rc1 $17) 29... Rb2 $19 30. Rxb2 Rxb2 {[%mdl 4096] Endgame KRB-KRB} ({Less strong is} 30... Bxb2 31. Kf2 $17) 31. Bf4 Rb6 32. h4 (32. Re1 $142) 32... Bd4+ 33. Kg2 a5 {[%cal Ba6a5,Ba5a4,Ba4a3][%mdl 32]} 34. Bxh6 $2 (34. Re1) 34... a4 {Threatens to win with ...a3.Black is clearly winning.} 35. Bc1 Rb3 36. Re1 a3 37. Re2 (37. Bxa3 $142 Rxa3 38. Re2) 37... Bb2 {Accuracy: White = 30%, Black = 71%.} 0-1

[Event "Copenhagen Chess Challenge 2019"]
[Site "Ballerup"]
[Date "2019.05.16"]
[Round "3.13"]
[White "Ramsdal, Jens Albert"]
[Black "Tandrup, Michael"]
[Result "1-0"]
[WhiteElo "2245"]
[BlackElo "1982"]
[Annotator "TA"]
[PlyCount "93"]
[EventDate "2019.05.16"]
[EventCountry "DEN"]
[SourceTitle "playchess.com"]
[Source "ChessBase"]
[SourceQuality "1"]

{[%evp 27,93,13,22,14,15,15,41,42,42,42,39,39,43,29,71,72,68,58,57,47,40,18,67,55,68,0,0,0,0,0,0,0,35,0,0,0,0,0,48,52,66,56,46,57,102,118,129,110,183,178,452,441,663,335,326,412,418,411,411,410,388,400,826,826,797,797,792,755]} 1. e4 e6 2. d4 d5 3. Nd2 Nf6 4. e5 Nfd7 5. Bd3 c5 6. c3 Nc6 7. Ne2 cxd4 8. cxd4 f6 9. exf6 Nxf6 10. O-O Bd6 11. Nf3 Qc7 12. Bg5 O-O 13. Bh4 Nh5 14. Qc2 h6 15. Bh7+ {C06: French Tarrasch: 3...Nf6 4 e5 Nfd7 5 Bd3 main lines} Kh8 16. Bg6 Nf4 17. Nxf4 {White is slightly better.} Bxf4 (17... Rxf4 18. Bg3 Rxf3 19. gxf3 Qe7 20. Rad1 Bd7 21. Qc3 Rf8 22. Bb1 Kg8 {1-0 (41) Artemiev,V (2653)-Onischuk,V (2615) Martuni 2016}) 18. Bg3 Bd7 19. Rfe1 Rac8 20. Qd3 $146 ({Predecessor:} 20. Rad1 Bxg3 21. hxg3 Rf6 22. Re3 Qb8 {½-½ (40) Szczepkowska,K (2409)-Mammadova,G (2304) Baku 2016}) 20... Bxg3 21. hxg3 Rf6 22. Bh5 Be8 23. Bg4 Bg6 24. Qd2 Re8 25. Rac1 Qd8 26. Rxc6 (26. b4 $14) 26... bxc6 $11 27. Ne5 Ref8 28. Bd1 Qe8 29. f3 Qc8 30. Qb4 {[%mdl 1024] White has compensation.} Qb8 31. Qc3 Be8 32. Bc2 Qc7 33. b4 Qd6 34. g4 g5 35. Ba4 Kg7 36. Rc1 Rh8 37. Qd2 ({Much weaker is} 37. Bxc6 $6 Bxc6 38. Qxc6 Qxc6 $11) 37... Rf4 (37... Rf7 $16) 38. Bxc6 $18 a5 $2 (38... Bg6 {was necessary.} 39. Ba4 Rb8) 39. bxa5 Qa3 (39... Bf7 $142 40. Bb5 Ra8) 40. a6 {[%cal Ba5a6,Ba6a7][%mdl 32]} Rxd4 41. Qxd4 {[#] Intending Nc4+ and mate.} Qxc1+ 42. Kh2 Qf4+ 43. Qxf4 gxf4 44. Bb7 Kf6 (44... Bb5 $142 45. a7 d4) 45. a7 {White is clearly winning.} Bb5 46. Nc6 Bxc6 47. Bxc6 {Accuracy: White = 78%, Black = 38%.} 1-0

[Event "Copenhagen Chess Challenge 2019"]
[Site "Ballerup"]
[Date "2019.05.16"]
[Round "3.14"]
[White "Bendixen, Daniel"]
[Black "Casper Yukun Liu"]
[Result "0-1"]
[WhiteElo "1957"]
[BlackElo "2228"]
[Annotator "TA"]
[PlyCount "66"]
[EventDate "2019.05.16"]
[EventCountry "DEN"]
[SourceTitle "playchess.com"]
[Source "ChessBase"]
[SourceQuality "1"]

{[%evp 10,66,18,-15,0,0,0,-8,19,0,0,0,38,0,39,-14,0,0,16,21,22,-20,17,16,19,-82,-63,-91,-96,-71,-68,-170,-178,-160,-169,-170,-168,-247,-247,-270,-255,-286,-290,-448,-447,-427,-427,-491,-502,-456,-266,-271,-241,-722,-683,-1732,-1678,-1584,-1588]} 1. e4 e5 2. Nf3 Nc6 3. Bc4 Bc5 4. c3 d6 5. d3 Nf6 6. Be3 Bb6 {C54: Giuoco Piano: 4 c3 Nf6, main lines with 5 d4 and 5 d3} (6... Bxe3 7. fxe3 Ng4 8. Qe2 O-O 9. h3 Nh6 10. g4 Be6 11. Nbd2 Kh8 12. O-O-O Na5 13. Bd5 c6 14. Bxe6 fxe6 {1-0 (59) Galkin,A (2590)-Winants,L (2516) playchess.com INT 2007}) 7. Bb3 O-O 8. Nbd2 Be6 {The position is equal.} 9. O-O (9. Bxb6 {feels hotter.} axb6 10. Bxe6 fxe6 11. O-O Qe8 12. h3) 9... Bxe3 10. fxe3 d5 $146 ({Predecessor:} 10... Na5 11. h3 h6 12. Qc2 a6 13. Rae1 b6 14. Qd1 Nb7 15. Bc2 Bxa2 16. b3 Nc5 {1-0 (76) Eisenmann,P-Klausmann,S Germany 1997}) 11. exd5 Nxd5 12. Bxd5 (12. Qe1 $14) 12... Qxd5 13. d4 e4 14. c4 Qh5 15. Ne1 Bg4 16. Qb3 f5 17. Qxb7 (17. h3 $11 Be2 18. Rf2) 17... Qh6 $36 {[%mdl 2048] ...Rab8 is the strong threat. Black is pushing.} 18. Qb3 {[#]} Nxd4 $1 {[%mdl 512]} 19. exd4 {Black must now prevent c5+.} Qxd2 20. Qc3 ({White should try} 20. c5+ $15 Kh8 21. Nc2) 20... Qxc3 $19 21. bxc3 Be2 22. Rf2 Bxc4 23. Rb2 (23. g3 {was worth a try.}) 23... Rab8 24. Rab1 Rb6 25. a3 f4 26. a4 (26. Rb4 $142) 26... Rfb8 27. Rxb6 Rxb6 ({Not} 27... cxb6 28. a5 $19) (27... axb6 28. Rb4 $17) 28. Rb4 Rxb4 29. cxb4 {KB-KN} g5 (29... Bb3 $142 30. a5 Kf7) 30. g3 f3 31. Kf2 $2 {[#]} (31. Nc2) 31... Bb3 {Black is clearly winning.} 32. a5 g4 33. Ke3 Kf7 {Accuracy: White = 19%, Black = 51%.} 0-1

[Event "Copenhagen Chess Challenge 2019"]
[Site "Ballerup"]
[Date "2019.05.16"]
[Round "3.15"]
[White "Eriksson, Christian Altenburg"]
[Black "Sidali, Elias Hulleberg"]
[Result "1/2-1/2"]
[WhiteElo "2146"]
[BlackElo "1953"]
[Annotator "TA"]
[PlyCount "77"]
[EventDate "2019.05.16"]
[EventCountry "DEN"]
[SourceTitle "playchess.com"]
[Source "ChessBase"]
[SourceQuality "1"]

{[%evp 10,77,33,5,18,2,42,35,68,33,68,68,68,68,60,58,65,7,39,39,40,33,39,23,27,24,36,27,28,22,33,20,19,25,19,20,39,35,114,25,104,94,155,18,51,0,25,25,25,25,25,-37,0,0,-3,-40,-40,-40,0,-10,0,0,0,0,0,0,0,-3,0,0]} 1. e4 c5 2. c3 g6 3. d4 cxd4 4. cxd4 d5 5. e5 Nc6 6. Nf3 Bg4 {B22: Sicilian: 2 c3} 7. Bb5 Nh6 (7... Qb6 $5 {[%cal Rb6b5]} 8. Bxc6+ bxc6 $11) (7... Rc8 8. O-O a6 9. Be2 Nh6 10. h3 Bxf3 11. Bxf3 Nf5 12. Be3 e6 13. Nc3 Bg7 14. Bg4 Nxe3 15. fxe3 {1-0 (42) Caruana,F (2828)-Guseinov,G (2664) chess.com INT 2019}) 8. Nbd2 Bg7 {White is slightly better.} 9. h3 (9. Bxc6+ $5 bxc6 10. h3 $14) 9... Bxf3 10. Bxc6+ $1 ({Of course not} 10. Qxf3 Rc8 $11) 10... bxc6 11. Nxf3 Qa5+ 12. Bd2 Qa6 $146 ({Predecessor:} 12... Qb5 13. a4 Qa6 14. Qc1 Ng8 15. b4 Rc8 16. Qc5 e6 17. b5 cxb5 18. Qxb5+ Qxb5 19. axb5 {1-0 (54) Kovalev,A (2487)-Miknevicius,L (2059) Vilnius 2014}) 13. Bb4 (13. Qc1 $14 Ng8 14. Qc5) 13... O-O 14. Qe2 Qxe2+ 15. Kxe2 f6 16. e6 Rab8 17. Ba3 Nf5 18. Rac1 $36 {[%mdl 2048] White has some pressure.} Rb6 19. Rc2 Bh6 20. Kd3 Bf4 21. Bc5 Ra6 22. b3 Bd6 23. g4 Bxc5 (23... Ng7 $1 $14) 24. gxf5 ({Not} 24. Rxc5 Ng7 $15) (24. dxc5 $16 Ng7 25. Nd4) 24... Ba3 (24... Bd6 $1 $11) 25. Rg1 $16 Kg7 {[#]} (25... c5 $142) 26. h4 (26. Nh4 $1 $16) 26... Kh6 $11 27. h5 (27. Nh2 $14) 27... g5 28. Nh2 Kg7 $1 29. Ng4 h6 $1 30. f4 ({White should play} 30. Ne3 $11) 30... Rc8 31. fxg5 hxg5 32. Ne3 Rh8 33. Rh1 Bd6 34. Ng4 {The position is equal.} Rb8 35. Rhc1 Bf4 36. Re1 Bd6 37. Rec1 Bf4 38. Re1 Bd6 39. Rec1 {Accuracy: White = 41%, Black = 44%.} 1/2-1/2

[Event "Copenhagen Chess Challenge 2019"]
[Site "Ballerup"]
[Date "2019.05.17"]
[Round "4.1"]
[White "Haldorsen, Benjamin"]
[Black "Haubro, Martin"]
[Result "1-0"]
[WhiteElo "2437"]
[BlackElo "2380"]
[Annotator "TA"]
[PlyCount "55"]
[EventDate "2019.05.16"]
[EventCountry "DEN"]
[SourceTitle "playchess.com"]
[Source "ChessBase"]
[SourceQuality "1"]

{[%evp 22,55,0,0,0,-37,5,-34,0,0,0,-12,-4,-13,-12,-27,-11,-20,-16,-21,-5,-10,6,6,26,0,10,-35,-50,-40,177,181,532,534,570,563]} 1. c4 e6 2. g3 d5 3. Bg2 dxc4 4. Qa4+ Nd7 5. Qxc4 c5 6. Nf3 Ngf6 7. O-O a6 8. Qc2 b5 9. d3 Bb7 10. b3 Be7 11. Bb2 O-O 12. Nbd2 Qb6 {A13: English Opening: 1...e6} 13. a4 {[#]} Rfc8 $146 ({Predecessor:} 13... Nd5 14. Rfc1 Rac8 15. axb5 axb5 16. Ne4 Nb4 17. Qc3 {1-0 (57) Vachier Lagrave,M (2758)-Wojtaszek,R (2744) Beijing 2014}) 14. h3 h6 {Black is slightly better.} 15. e4 Nb8 16. Ne5 Nfd7 17. Nxd7 Nxd7 18. Qd1 e5 19. Nf3 {[%cal Bd2f3,Bf3h2,Bh2g4][%mdl 32]} Qe6 20. Rc1 Bf6 21. Nh2 Rc7 22. Ng4 Rd8 23. Qc2 Be7 24. f4 exf4 25. gxf4 f5 $2 (25... Nf6 $15 {keeps the upper hand.} 26. Ne5 Bd6) 26. exf5 $18 Qxf5 $2 (26... Qb6 27. a5 Qa7) 27. Bxb7 Rxb7 {[#]} 28. Qg2 $1 {[%csl LRb7,LRh6] Accuracy: White = 47%, Black = 28%.} 1-0

[Event "Copenhagen Chess Challenge 2019"]
[Site "Ballerup"]
[Date "2019.05.17"]
[Round "4.1"]
[White "Nielsen, Viktor Haarmark"]
[Black "Steenstrup, Svend"]
[Result "1/2-1/2"]
[WhiteElo "2279"]
[BlackElo "1936"]
[Annotator "TA"]
[PlyCount "82"]
[EventDate "2019.05.16"]
[EventCountry "DEN"]
[SourceTitle "playchess.com"]
[Source "ChessBase"]
[SourceQuality "1"]

{[%evp 9,82,-2,15,16,82,47,124,-73,-35,-124,-57,-58,-58,-58,-67,-67,-51,-89,-64,-72,-81,-90,-88,-105,-101,-110,-108,-102,-100,-103,-89,-109,-95,-116,-102,-107,-22,-23,-6,-6,0,-237,-231,-232,-225,-225,-227,-225,-225,-234,-240,-262,-262,-276,-272,-319,-318,-299,-211,-287,-232,-218,-201,-206,-190,-192,-119,-135,-45,-50,-64,-61,0,0,0]} 1. e4 g6 2. d4 Nf6 3. e5 Nh5 4. g3 $146 ({Predecessor:} 4. Be2 d6 5. Nf3 Nc6 6. exd6 exd6 7. O-O Bg7 8. Bg5 Nf6 9. Re1 Ne7 10. Bd3 h6 11. Be3 O-O 12. Nc3 Nf5 13. Bxf5 Bxf5 {0-1 (61) Anand,V (2786)-Nepomniachtchi,I (2732) Leuven 2017}) 4... d6 5. Nf3 dxe5 6. Nxe5 {B06: Modern Defence} Qd5 (6... Bg7 $11) 7. Qf3 Qxd4 (7... Qxf3 $14 8. Nxf3 Bg7) 8. Nd3 $2 {[#]} ({Of course not} 8. Bb5+ $6 c6 $14) (8. Qxf7+ $16 {and life is bright.} Kd8 9. Nf3) 8... Nc6 9. Bg2 ({Better is} 9. Be3 $15 Ne5 10. Nxe5 Qxe5 11. Nc3) 9... Ne5 (9... Bg4 $17 10. Qe3 Nb4) 10. Nxe5 $15 Qxe5+ 11. Qe3 Bg7 12. c3 O-O (12... Qb5 {is more complex.} 13. Na3 Qa6 14. Bf1 Qe6 15. Bc4 Qd7) 13. Na3 {[%cal Bb1a3,Ba3c4,Bc4d2,Bd2f3,Bf3g5][%mdl 32]} c6 14. Qxe5 Bxe5 15. Nc4 Bc7 16. O-O Be6 17. Nd2 Nf6 18. Re1 Bb6 19. h3 Rad8 20. Nf3 Kg7 21. Be3 Bxe3 22. Rxe3 c5 (22... Rfe8 $17 23. Rae1 Rd7) 23. Ng5 $11 Bd5 24. Rxe7 {[#] Threatens to win with Bxd5.} h6 $36 {[%mdl 2048] Black fights for an advantage.} 25. Ne4 $2 (25. Bxd5 $11 Nxd5 26. Ne6+ Kf6 27. Nxd8 Kxe7 28. Nxb7) 25... Nxe4 $19 26. Bxe4 Kf6 27. Bxd5 Kxe7 {[%mdl 4096] Endgame KRR-KRB} 28. c4 b6 29. Kg2 Kf6 30. Kf3 Rfe8 31. a3 {[%cal Ba2a3,Ba3a4,Ba4a5][%mdl 32]} Re5 32. b4 Rf5+ 33. Kg2 Ke5 34. Rd1 g5 35. b5 h5 36. a4 Kf6 37. a5 Re8 (37... Ke5 $19 38. Rd3 bxa5) 38. Bf3 h4 (38... bxa5 $17 39. Ra1 h4 40. Rxa5 hxg3 41. fxg3 Re7) 39. Rd6+ Re6 40. Rd7 Re7 ({Black should try} 40... hxg3 $15 41. Kxg3 Re1 42. Rxa7 bxa5 43. Rxa5 Rg1+ 44. Bg2 Rf4) 41. Rd6+ $1 $11 Re6 {Accuracy: White = 50%, Black = 35%.} 1/2-1/2

[Event "Copenhagen Chess Challenge 2019"]
[Site "Ballerup"]
[Date "2019.05.17"]
[Round "4.2"]
[White "Moe, Mogens"]
[Black "Ertan, Can"]
[Result "0-1"]
[WhiteElo "2136"]
[BlackElo "2391"]
[Annotator "TA"]
[PlyCount "174"]
[EventDate "2019.05.16"]
[EventCountry "DEN"]
[SourceTitle "playchess.com"]
[Source "ChessBase"]
[SourceQuality "1"]

{[%evp 17,174,8,7,0,0,0,15,-20,-9,-15,0,-13,-6,-6,0,-52,-37,-71,-71,-71,-66,-72,-73,-80,0,0,0,0,0,0,0,0,0,0,0,0,0,0,0,0,0,0,0,-8,-8,-8,-8,-8,-10,-10,-8,-8,-8,-14,-13,-52,0,0,0,-8,0,0,0,-8,-8,-8,0,0,0,0,0,0,0,0,0,0,0,0,0,-8,-8,-8,0,0,0,0,0,-8,-8,-21,-21,-21,-8,-8,-8,-8,-8,-8,-8,-8,-8,-15,-17,-16,-16,-27,-41,-39,-8,-24,0,-8,-8,-8,-8,-8,0,0,0,0,0,0,0,-8,0,-1054,-1031,-3754,-4631,-3410,-2658,-3847,-3512,-1670,-1614,-29959,-29958,-29973,-29971,-29971,-29972,-29973,-29974,-29974,-29975,-29975,-29976,-29976,-29977,-29977,-29978,-29979,-29979,-29979,-29980,-29979,-29980,-29979,-29980]} 1. e4 e5 2. Nf3 Nc6 3. Bc4 Bc5 4. c3 Nf6 5. d4 exd4 6. e5 d5 7. Bb5 Ne4 8. cxd4 Bb6 9. Nc3 O-O 10. Be3 {C54: Giuoco Piano: 4 c3 Nf6, main lines with 5 d4 and 5 d3} Bg4 (10... Ba5 11. Qb3 Bxc3+ 12. bxc3 Na5 13. Qb4 b6 14. O-O Bf5 15. Rfc1 Rc8 16. Ba6 Rb8 17. Bd3 Re8 {½-½ (32) Karjakin,S (2753)-Topalov,V (2740) Shamkir 2019}) 11. h3 Bh5 12. Qa4 {The position is equal.} Ne7 13. Bd3 c5 $146 (13... Nxc3 {with more complications.} 14. bxc3 Bxf3 15. gxf3 Rc8 16. O-O c5) ({Predecessor:} 13... Nf5 14. Nxe4 dxe4 15. Bxe4 Nxe3 16. fxe3 Bxf3 17. Bxf3 {0-1 (48) Leniart,A (2495)-Kucza,K (2286) Trzcianka 2016}) 14. Nxe4 dxe4 15. Bxe4 Bxf3 16. gxf3 (16. Bxf3 $11 cxd4 17. Bd2) 16... cxd4 $15 17. Rd1 {[%cal Re3d4]} Nc6 ({Much worse is} 17... dxe3 18. Rxd8 exf2+ 19. Ke2 $11) 18. Bxc6 bxc6 19. Bxd4 Qh4 $1 20. Rg1 c5 (20... Rae8 $17 {...Rxe5+! is the strong threat.} 21. Rg4 Rxe5+ 22. Kf1 Qxh3+ {[%mdl 64] Double Attack} 23. Kg1 Bxd4 24. Qxd4 Qh5) 21. Rg4 $11 Qxh3 22. Bc3 $1 {And now e6! would win.} Qxf3 {[#] aiming for ...c4!} 23. e6 $1 {[%mdl 512]} Rfe8 $1 {[%cal Re8e6]} ({Inferior is} 23... fxe6 24. Rxg7+ Kh8 25. Qh4 $1 {[%mdl 512]} Qxf2+ 26. Qxf2 e5 27. Rf7 Rxf7 28. Qxf7 Ba5 29. Rd7 $1 {[%mdl 512]} Bxc3+ 30. bxc3 h6 31. Qh7#) 24. Rxg7+ {[%mdl 64] Double Attack} Kf8 25. Rd6 c4 $1 26. Qc6 ({Avoid the trap} 26. Qxc4 $2 Rxe6+ 27. Qxe6 Bxf2+ 28. Kd2 fxe6 $19) 26... Rxe6+ 27. Rxe6 {[%cal Rc6d6]} Qxf2+ 28. Kd1 {[%cal Rc6d6]} Rd8+ 29. Rd6 Qf1+ 30. Kd2 Qf4+ 31. Kc2 Qxd6 32. Qxd6+ Rxd6 33. Rxh7 {[%mdl 4096] Endgame KRB-KRB} Rc6 34. a4 Ke7 35. a5 Bc7 36. Kd2 Ke6 (36... Rc5 $15) 37. Ke3 Bd8 38. Rh6+ f6 39. Kd4 Be7 40. Ke4 Rc8 41. Kd4 a6 42. Rg6 Kf7 43. Rh6 Bf8 44. Rh4 (44. Rh1 {looks sharper.} f5 45. Kd5 Rc5+ 46. Kd4 Rc8) 44... Ke6 45. Re4+ Kd7 46. Rf4 Rc6 47. Rf5 Be7 48. Ke4 Ke6 49. Rh5 Bf8 50. Rf5 Bg7 51. Rh5 Rc8 52. Kf4 Bf8 53. Rf5 Be7 {White must now prevent ...Rh8.} 54. Rh5 Rg8 55. Rh7 Rb8 56. Rh5 Bb4 57. Ke4 Bxc3 58. bxc3 {KR-KR} Rg8 59. Kd4 Rg4+ 60. Ke3 $1 Rg5 61. Rh8 Rxa5 {Strongly threatening ...Rd5.} 62. Kd4 Ra4 63. Rh1 Ra2 64. Kxc4 f5 65. Rf1 Ra5 66. Kb4 Re5 67. c4 a5+ {[%cal Ba6a5,Ba5a4][%mdl 32]} 68. Kc3 Re3+ 69. Kd4 Re4+ 70. Kd3 Re5 {Threatens to win with ...a4.} 71. Kd4 $2 {[%mdl 8192] [#]} (71. Kc3 $11) 71... a4 $1 $19 {[%cal Ra4a3]} 72. Ra1 {[#]} Ra5 $1 73. Ra3 Kd6 74. c5+ Kc6 75. Kc4 Rxc5+ 76. Kb4 Kd5 {Black mates.} 77. Kxa4 Ke4 78. Kb4 Rc8 79. Ra7 f4 80. Re7+ Kd3 81. Rd7+ Ke2 82. Re7+ Kf2 83. Rf7 f3 84. Rf6 Ke2 85. Re6+ Kf1 86. Rf6 f2 87. Rf7 Rg8 {Accuracy: White = 60%, Black = 62%.} 0-1

[Event "Copenhagen Chess Challenge 2019"]
[Site "Ballerup"]
[Date "2019.05.17"]
[Round "4.2"]
[White "Nielsen, Thomas Bach"]
[Black "Mads Overgaard Svendsen"]
[Result "0-1"]
[WhiteElo "2127"]
[BlackElo "2062"]
[Annotator "TA"]
[PlyCount "80"]
[EventDate "2019.05.16"]
[EventCountry "DEN"]
[SourceTitle "playchess.com"]
[Source "ChessBase"]
[SourceQuality "1"]

{[%evp 27,79,-20,2,0,0,0,13,-22,-20,-68,-87,-89,-92,-189,-149,-205,-171,-255,-216,-581,-591,-727,-698,-740,-748,-722,-719,-772,-762,-1650,-1607,-1550,-1722,-1706,-1694,-2802,-3445,-29977,-6798,-29991,-29992,-29992,-29993,-29995,-29994,-29994,-29994,-29996,-29996,-29996,-29997,-29997,-29998,-29999]} 1. d4 Nf6 2. c4 g6 3. Nc3 d5 4. cxd5 Nxd5 5. e4 Nxc3 6. bxc3 Bg7 7. Bc4 c5 8. Ne2 Nc6 9. Be3 O-O 10. O-O b6 11. Qd2 Na5 12. Bd3 e5 13. Bh6 exd4 14. cxd4 cxd4 15. Bxg7 {D87: Exchange Grünfeld: Classical Line: Variations without ...cxd4} Kxg7 16. f4 Nc6 (16... f6 17. e5 Bb7 18. exf6+ Rxf6 19. f5 gxf5 20. Ng3 Kh8 21. Nxf5 Rg6 22. Ng3 Qg5 {1-0 (34) Peralta,F (2580)-Gallego Alcaraz,A (2502) Barcelona 2019}) 17. f5 $146 {The position is equal.} ({Predecessor:} 17. e5 Bd7 18. Ng3 f6 19. exf6+ Qxf6 20. f5 {½-½ (29) Feletar,D (2366)-Kisch,E (2173) ICCF email 2016}) 17... Ne5 18. f6+ Kh8 $1 19. h3 Bb7 20. Rf4 (20. Rad1 $17 {was necessary.}) 20... Re8 21. Raf1 (21. Rd1 $17 {was worth a try.}) 21... Re6 22. Bb5 (22. R4f2 {was called for.}) 22... d3 $19 23. Ng3 $2 (23. Rd1 {is more resistant.}) 23... a6 24. Ba4 Qd4+ {[%mdl 64] Double Attack} 25. Kh2 Qxa4 26. Rh4 Qe8 $1 ({Not} 26... Nd7 {[#]} 27. Qh6 $1 {[%mdl 512]} Nxf6 28. Rxf6 $1 {[%mdl 512]} Kg8 29. Qxh7+ Kf8 30. Qxf7#) 27. Qh6 Qg8 28. Nf5 gxf5 29. Rxf5 Ng6 30. Rg4 Rxe4 31. Rg3 Rd8 32. Qd2 Re2 33. Qc3 d2 {Black mates.} 34. h4 d1=Q 35. h5 {[#]} Rxg2+ $1 36. Rxg2 Bxg2 37. hxg6 Qh1+ {[%mdl 64] Zwischenzug} 38. Kg3 Qxg6+ {[%mdl 64] Double Attack} 39. Kf2 Qxf5+ 40. Ke3 Qf3# 0-1

[Event "Copenhagen Chess Challenge 2019"]
[Site "Ballerup"]
[Date "2019.05.17"]
[Round "4.3"]
[White "Burmakin, Vladimir"]
[Black "Mikkel Djernæs Antonsen"]
[Result "1-0"]
[WhiteElo "2519"]
[BlackElo "2423"]
[Annotator "TA"]
[PlyCount "53"]
[EventDate "2019.05.16"]
[EventCountry "DEN"]
[SourceTitle "playchess.com"]
[Source "ChessBase"]
[SourceQuality "1"]

{[%evp 13,53,-10,0,20,8,-16,0,-6,13,11,0,0,9,0,14,16,26,-17,36,27,70,45,100,72,79,40,283,280,303,252,332,343,334,336,380,252,380,380,390,390,610,586]} 1. Nf3 d5 2. g3 Nf6 3. c4 e6 4. Bg2 Be7 5. O-O O-O 6. Qc2 c5 7. d4 cxd4 8. Nxd4 {E06: Closed Catalan: Early deviations} Qb6 (8... Na6 9. cxd5 Nb4 10. Qb3 e5 11. Nb5 Nbxd5 12. N1c3 Be6 13. Nxd5 Bxd5 14. Bxd5 Qxd5 15. Bg5 Qxb3 16. axb3 {½-½ (46) Carlsen,M (2834)-Wei,Y (2743) Wijk aan Zee 2018}) 9. Nb3 Nc6 $146 ({Predecessor:} 9... Qc7 10. Na3 Bxa3 11. bxa3 dxc4 12. Nd2 c3 13. Bb2 Nd5 14. Bxd5 exd5 15. Qxc3 Qxc3 16. Bxc3 {0-1 (23) Sjodahl,P (2453)-Vernersson,P (2506) Sweden 2005}) 10. Na3 {[%cal Bb1a3,Ba3c4,Bc4d6][%mdl 32] The position is equal.} Bd7 11. Be3 d4 12. c5 Bxc5 13. Qxc5 dxe3 14. fxe3 Nd5 15. Nc4 Qb4 (15... Qa6 $11) 16. e4 Nb6 17. Nd6 $36 {[%mdl 2048] White is more active.} Na4 ({Black should play} 17... a5 $14) 18. Qxb4 $16 Nxb4 19. Rfc1 Nxb2 $2 {[#]} (19... Nc6 $14) 20. Nc5 $1 $18 {[%cal Rc5d7]} Bc6 21. a3 {[%cal Ba2a3,Ba3b4,Bb4b5,Bb5b6][%mdl 32]} Rad8 22. Ndxb7 ({Not} 22. axb4 Rxd6 23. Rxa7 Rd2 $14) 22... Bxb7 23. axb4 ({Weaker is} 23. Nxb7 Rb8 $16) 23... Ba8 {If only Black now had time for ...Rd4....} 24. Rxa7 Rd4 (24... Bc6 $142 25. b5 Bxb5) 25. b5 Rc8 26. b6 Rb4 (26... Na4 $142 27. Rc7 Rf8) 27. Rc7 {Accuracy: White = 53%, Black = 26%.} 1-0

[Event "Copenhagen Chess Challenge 2019"]
[Site "Ballerup"]
[Date "2019.05.17"]
[Round "4.3"]
[White "Slettebo, Jan"]
[Black "Sorensen, Per Settergren"]
[Result "0-1"]
[WhiteElo "1920"]
[BlackElo "2030"]
[Annotator "NA RC"]
[PlyCount "50"]
[EventDate "2019.05.16"]
[EventCountry "DEN"]
[SourceTitle "playchess.com"]
[Source "ChessBase"]
[SourceQuality "1"]

1. e4 e5 2. Nf3 Nc6 3. d4 exd4 4. Bc4 Bc5 5. O-O d6 6. c3 Bg4 7. Qb3 Bxf3 8. Bxf7+ Kf8 {C44: Ponziani Opening and Scotch Gambit} 9. gxf3 Nf6 10. Bd5 Nxd5 11. Qxd5 Qf6 12. f4 $146 ({Predecessor:} 12. Bg5 Qxf3 13. Nd2 Qf7 14. Nb3 Bb6 15. Nxd4 Bxd4 16. Qxf7+ Kxf7 17. cxd4 Nxd4 {0-1 (39) Boscolo,F (2300)-Narciso Dublan,M (2541) Forni di Sopra 2012}) 12... Re8 13. e5 Qe6 14. Qxe6 Rxe6 15. b4 Bb6 16. b5 Ne7 17. exd6 cxd6 18. Bd2 Nf5 19. a4 Kf7 20. cxd4 Nxd4 21. Ra3 Rhe8 22. Rd3 Re2 23. Be3 $19 ({Better is} 23. Kg2 $1 $15) 23... Nf3+ 24. Kh1 R8xe3 25. Rxe3 Bxe3 0-1